Flow : the classic work on how to achieve happiness (Record no. 11907)

000 -LEADER
fixed length control field 00429nam a22001577a 4500
008 - FIXED-LENGTH DATA ELEMENTS--GENERAL INFORMATION
fixed length control field 210517b ||||| |||| 00| 0 eng d
020 ## - INTERNATIONAL STANDARD BOOK NUMBER
International Standard Book Number 9780712657594
082 ## - DEWEY DECIMAL CLASSIFICATION NUMBER
Classification number 158
Item number CSI
100 ## - MAIN ENTRY--PERSONAL NAME
Personal name Csikszentmihalyi, Mihaly
245 ## - TITLE STATEMENT
Title Flow : the classic work on how to achieve happiness
260 ## - PUBLICATION, DISTRIBUTION, ETC. (IMPRINT)
Place of publication, distribution, etc London
Name of publisher, distributor, etc RIDER
Date of publication, distribution, etc 2002
300 ## - PHYSICAL DESCRIPTION
Extent Vii, 303p.
650 ## - SUBJECT ADDED ENTRY--TOPICAL TERM
Topical term or geographic name as entry element Happiness
650 ## - SUBJECT ADDED ENTRY--TOPICAL TERM
Topical term or geographic name as entry element Self-actualization (Psychology)
942 ## - ADDED ENTRY ELEMENTS (KOHA)
Item type Books
Holdings
Withdrawn status Lost status Source of classification or shelving scheme Damaged status Not for loan Collection code Permanent location Current location Shelving location Date acquired Total Checkouts Total Renewals Full call number Barcode Date last seen Date last borrowed Koha item type Public note
          Non-fiction IMU-MPC Library IMU-MPC Library General Stacks 2021-05-17 2 1 158 CSI MPC6364 2025-03-17 2022-06-24 Books Column-1
Copyright © 2021 Indian Maritime University, Mumbai Port Campus. All Rights Reserved. Managed & Maintained by Central Library, IMU-Mumbai

webs counters

Powered by Koha